000 01207cam a2200289 a 4500
005 20240614103910.0
008 100805s2004||||ag | |||| 00| 0 spa d
020 _a9505570805
041 _aspa
092 _c632.20903
_l26
_sFOU
100 1 _aFoucault, Michel.
_9958
245 _aHistoria de la locura en la época clásica.
_bT.2 Breviarios /
_cMichel Foucault.
250 _a1a ed. 5 reimp.
260 _aBuenos Aires:
_bFondo de Cultura Económica;
_c2004.
300 _a411 p.
500 _aFoucault, M. (2004). Historia de la locura en la época clásica. T.2 Breviarios. (1a ed.). Buenos Aires : Fondo de Cultura Económica.
653 3 _aEl gran miedo
653 3 _aLa nueva separación
653 4 _aDel buen uso de la libertad
653 _aNacimiento del asilo
653 3 _aEl círculo antropológico
653 _aAnexo: Historia del Hospital General
653 _aApéndice: I La locura, la ausencia de obra. II Mi cuerpo, ese papel, ese fuego. Los privilegios del sueño sobre la locura. Mi experiencia del sueño. El ejemplo el "bueno" y el "malo". La descalificación del sujeto. La extravagancia de los pintores.
930 _a1154
930 _a1156
942 _2ddc
_cBK
999 _c552
_d552